000
00277nam a2200109Ia 4500
001
1272315
005
20260417151426.0
008
260417s9999 xx 000 0 und d
020
_a
9786258486742
245
0
_a
Masal Krallığı - Piri
_c
Didem Demirel
260
_b
Ketebe Çocuk
999
_c
1272315
_d
1272315